00000000nam 2200000za 4500
0019.663781
003CaOODSP
00520230503103716
007ta
008150407|2002||||xxc|||||     f|0| 0 eng d
020 |a0-660-61973-3
040 |aCaOODSP|beng
041 |aeng
041 |afre
043 |an-cn---
0861 |aEn56-173/2002
1101 |aCanada.|bEnvironment Canada. |bCanadian Ice Service.
24510|aSea ice climatic atlas: northern Canadian waters, 1971-2000
260 |aOttawa - Ontario : |bEnvironment Canada. |c2002.
300 |avii, 48p., illustrations, 200p. : |bgraphs, maps ; |c23 cm.
500 |a"In 2001, "Sea Ice Climatic Atlases - East Coast of Canada 1971-2000: the first of a planned series of sea ice atlases based on the digital database for the 30 year climatic period 1970-2000 was published. Now for our second atlas of this new series, we have chosen to group both the Canadian Arctic and the Hudson Bay into a single atlas. We hope that this will facilitate the understanding of climatic sea ice conditions in Northern Canadian Waters as a whole."--Foreword. Canadian cataloguing in publication (CIP) data printed on this publication. N.B.: Incorrect ISBN (o-662-62973-3) printed in this publication.
546 |aBilingual
563 |aSpiral binding
590 |a02-18|b2002-05-03
69007|aSeas|2gcpds
69007|aAtlases|2gcpds
69007|aClimate|2gcpds
69007|aIce|2gcpds
7760#|tSea ice climatic atlas, northern Canadian waters, 1971-2000 = |w(CaOODSP)9.922196
792 |tAtlas climatique des glaces de mer : eaux du nord canadien. 1971-2000 |efre|w(CaOODSP)9.663782